[Event "OLOMOUC 2006 - FIDE (CZE)"]
[Site "?"]
[Date "2006.08.02"]
[Round "1.3"]
[White "Fiala, Jiri"]
[Black "Prikryl, Tomas"]
[Result "1-0"]
[WhiteElo "2102"]
[BlackElo "2072"]
[PlyCount "75"]
[EventDate "2006.08.02"]

1. d4 d6 2. c4 f5 3. Nc3 Nf6 4. Nf3 c6 5. e3 Qc7 6. d5 e5 7. Be2 Be7 8. O-O O-O
9. b3 Nbd7 10. Bb2 e4 11. Nd4 Ne5 12. Rc1 a6 13. a4 c5 14. Ne6 Bxe6 15. dxe6
Rae8 16. Nd5 Qc8 17. Nf4 g5 18. Nd5 Bd8 19. e7 Bxe7 20. Nxe7+ Rxe7 21. Qxd6 Re6
22. Qd1 Rd8 23. Qc2 Nd3 24. Bxd3 Rxd3 25. Rcd1 Qd8 26. Rxd3 exd3 27. Qc3 Kf7
28. Rd1 Rd6 29. Qe5 Kg6 30. Qxc5 Rb6 31. Qa3 d2 32. b4 a5 33. b5 Ne4 34. c5 Re6
35. f3 Nxc5 36. Qxc5 Qd3 37. Qd4 Qe2 38. Qxd2 1-0

[Event "OLOMOUC 2006 - FIDE (CZE)"]
[Site "?"]
[Date "2006.08.02"]
[Round "1.5"]
[White "Parligras, Cosmin"]
[Black "Bertram, Karsten"]
[Result "1-0"]
[WhiteElo "2232"]
[BlackElo "2107"]
[PlyCount "107"]
[EventDate "2006.08.02"]

1. b3 d5 2. Bb2 c6 3. f4 Nf6 4. Nf3 Bg4 5. e3 Nbd7 6. h3 Bxf3 7. Qxf3 Qc7 8. g4
e5 9. g5 Ne4 10. d3 Nec5 11. f5 e4 12. Qf2 Bd6 13. Rg1 exd3 14. cxd3 Ne5 15.
Kd2 Qb6 16. Bd4 Qa5+ 17. Bc3 Qc7 18. Kc2 a5 19. Nd2 Na6 20. a3 O-O-O 21. Kb2
Qb6 22. Ka2 Nc7 23. Bb2 Rhe8 24. Re1 Nb5 25. Nb1 Kb8 26. h4 Qc7 27. h5 f6 28.
h6 fxg5 29. Rxg5 gxh6 30. Rh5 Qf7 31. Rh4 h5 32. Be2 Ng4 33. Bxg4 hxg4 34. Rxg4
Be5 35. Bxe5+ Rxe5 36. Qg3 Qc7 37. a4 Na7 38. Rc1 Re7 39. f6 Rf7 40. e4 Re8 41.
e5 Rxe5 42. Rg8+ Nc8 43. Rxc8+ Qxc8 44. Qxe5+ Ka8 45. Re1 Rf8 46. Qe7 Qb8 47.
f7 Ka7 48. Re2 h5 49. Ka1 h4 50. Qc5+ Ka6 51. b4 axb4 52. a5 Qd8 53. Re8 Qf6+
54. d4 1-0

[Event "OLOMOUC 2006 - FIDE (CZE)"]
[Site "?"]
[Date "2006.08.03"]
[Round "2.1"]
[White "Houska, Jiri"]
[Black "Bertram, Karsten"]
[Result "1-0"]
[WhiteElo "2140"]
[BlackElo "2107"]
[PlyCount "27"]
[EventDate "2006.08.02"]

1. e4 d5 2. exd5 Qxd5 3. Nc3 Qa5 4. d4 Nf6 5. Nf3 Bg4 6. h3 Bh5 7. g4 Bg6 8.
Ne5 c6 9. h4 Nbd7 10. Nc4 Qd8 11. h5 Be4 12. Nxe4 Nxe4 13. Qe2 Nef6 14. Nd6#
1-0

[Event "OLOMOUC 2006 - FIDE (CZE)"]
[Site "?"]
[Date "2006.08.03"]
[Round "2.2"]
[White "Zapletal, Jiri"]
[Black "Parligras, Cosmin"]
[Result "1/2-1/2"]
[WhiteElo "2138"]
[BlackElo "2232"]
[PlyCount "33"]
[EventDate "2006.08.02"]

1. c4 e6 2. b3 b6 3. Bb2 Bb7 4. e3 f5 5. f4 Nf6 6. Nf3 Be7 7. Be2 Ne4 8. O-O
Bf6 9. Qc2 Nc6 10. d3 Nb4 11. Qc1 Nc5 12. Rd1 Bxf3 13. gxf3 Rg8 14. d4 Nb7 15.
a3 Nc6 16. e4 Ne7 17. Kh1 1/2-1/2

[Event "OLOMOUC 2006 - FIDE (CZE)"]
[Site "?"]
[Date "2006.08.03"]
[Round "2.3"]
[White "Prikryl, Tomas"]
[Black "Musil, Vitezslav"]
[Result "0-1"]
[WhiteElo "2072"]
[BlackElo "2129"]
[PlyCount "48"]
[EventDate "2006.08.02"]

1. f4 d5 2. d3 Nf6 3. c3 c5 4. Qc2 Nc6 5. e4 e5 6. Nf3 Bd6 7. fxe5 Nxe5 8. d4
Nxf3+ 9. gxf3 dxe4 10. fxe4 O-O 11. Bg5 cxd4 12. cxd4 Qa5+ 13. Bd2 Qh5 14. e5
Qh4+ 15. Kd1 Ng4 16. Kc1 Be7 17. Nc3 Bd7 18. Qe4 Rac8 19. Be2 Rxc3+ 20. bxc3
Ba3+ 21. Kc2 Ba4+ 22. Kb1 Qd8 23. Bb5 Bxb5 24. Kc2 Ba4+ 0-1

[Event "OLOMOUC 2006 - FIDE (CZE)"]
[Site "?"]
[Date "2006.08.03"]
[Round "2.5"]
[White "Hagesaether, Torill"]
[Black "Salmoiraghi, Angelo"]
[Result "0-1"]
[WhiteElo "2013"]
[BlackElo "2015"]
[PlyCount "124"]
[EventDate "2006.08.02"]

1. e4 e6 2. d4 d5 3. e5 c5 4. Nf3 Nc6 5. c3 Qb6 6. Bd3 cxd4 7. cxd4 Nh6 8. O-O
Nf5 9. Bxf5 exf5 10. Nc3 Be6 11. b3 Rc8 12. Bb2 Be7 13. Rc1 Qd8 14. a3 O-O 15.
b4 b6 16. Qa4 Qd7 17. Qa6 Nb8 18. Qb5 Qb7 19. Qd3 a6 20. Nd2 Rc7 21. Rc2 Rfc8
22. Rfc1 Nd7 23. Nf1 g6 24. Ne3 Bf8 25. f4 Kg7 26. Qe2 b5 27. Qf3 Nb6 28. h3 h5
29. Kh2 Na4 30. Nxa4 Rxc2 31. Nxc2 bxa4 32. Ne1 Rxc1 33. Bxc1 Qc6 34. Nd3 Qc3
35. Bb2 Qd2 36. Qf2 Qxd3 37. Qe1 Qc2 38. Qc3 Qxc3 39. Bxc3 Be7 40. Kg3 Kf8 41.
Kf3 Ke8 42. Ke3 Kd7 43. Kd3 Kc6 44. g3 Kb5 45. Bd2 Bd8 46. Bc3 Bd7 47. Bd2 a5
48. Bc3 axb4 49. Bxb4 Ba5 50. Be7 Ka6 51. Bc5 Bb5+ 52. Ke3 Bf1 53. h4 Be1 54.
Kf3 Kb5 55. Be7 Kc4 56. Bc5 Bd3 57. Bb6 Bc3 58. Kf2 Be2 59. Bc5 Bd1 60. Bd6
Bxd4+ 61. Ke1 Bb3 62. Bb4 Bc3+ 0-1

[Event "OLOMOUC 2006 - FIDE (CZE)"]
[Site "?"]
[Date "2006.08.04"]
[Round "3.2"]
[White "Fiala, Jiri"]
[Black "Hagesaether, Torill"]
[Result "1-0"]
[WhiteElo "2102"]
[BlackElo "2013"]
[PlyCount "75"]
[EventDate "2006.08.02"]

1. d4 d5 2. Nf3 Nf6 3. Bf4 Bf5 4. e3 e6 5. Bd3 Bxd3 6. Qxd3 Nbd7 7. Nbd2 c5 8.
c3 Be7 9. h3 O-O 10. O-O a6 11. Ne5 Rc8 12. Bh2 b5 13. a3 Qb6 14. f4 a5 15.
Ndf3 b4 16. Nxd7 Nxd7 17. Ne5 Nf6 18. Bg3 Rc7 19. axb4 cxb4 20. c4 dxc4 21.
Nxc4 Qb5 22. b3 Ra8 23. f5 Rcc8 24. fxe6 fxe6 25. Ra4 Nd5 26. Rfa1 Bd8 27. Be1
Ra6 28. e4 Nf4 29. Qf3 Qg5 30. Bd2 Bc7 31. e5 Rf8 32. Bxb4 Rf7 33. Rf1 Qf5 34.
Raa1 Nxh3+ 35. Qxh3 axb4 36. Qxf5 Rxf5 37. Rxa6 h5 38. Rxe6 1-0

[Event "OLOMOUC 2006 - FIDE (CZE)"]
[Site "?"]
[Date "2006.08.04"]
[Round "3.3"]
[White "Musil, Vitezslav"]
[Black "Lasinskas, Povilas"]
[Result "1-0"]
[WhiteElo "2129"]
[BlackElo "2124"]
[PlyCount "79"]
[EventDate "2006.08.02"]

1. e4 e6 2. d4 d5 3. Nc3 Nf6 4. Bg5 Bb4 5. e5 h6 6. Bd2 Bxc3 7. bxc3 Ne4 8. Qg4
Kf8 9. Bd3 Nxd2 10. Kxd2 c5 11. Nf3 cxd4 12. cxd4 Nc6 13. c3 Bd7 14. h4 h5 15.
Qf4 Ne7 16. Ng5 Nf5 17. Bxf5 exf5 18. Rhe1 Be6 19. Ke2 Rc8 20. Rec1 Qa5 21. Kf1
Ke7 22. Qg3 Rh6 23. Rab1 b6 24. Rb2 Kf8 25. Rbc2 Bd7 26. Qf3 Be6 27. Kg1 Rc4
28. g3 Ra4 29. c4 Rxc4 30. Rxc4 dxc4 31. Nxe6+ fxe6 32. Qa8+ Kf7 33. Rxc4 Qe1+
34. Kg2 Qe4+ 35. Qxe4 fxe4 36. Rc7+ Kg6 37. Rxa7 Rh8 38. Re7 Kf5 39. Rxg7 Rd8
40. Rg5# 1-0

[Event "OLOMOUC 2006 - FIDE (CZE)"]
[Site "?"]
[Date "2006.08.04"]
[Round "3.5"]
[White "Bertram, Karsten"]
[Black "Zapletal, Jiri"]
[Result "1-0"]
[WhiteElo "2107"]
[BlackElo "2138"]
[PlyCount "67"]
[EventDate "2006.08.02"]

1. e4 d6 2. d4 Nf6 3. Nc3 g6 4. f3 Bg7 5. Be3 c6 6. Qd2 b5 7. g4 a6 8. h4 h5 9.
g5 Nfd7 10. Nge2 Bb7 11. Ng3 Qc7 12. f4 e5 13. dxe5 dxe5 14. f5 Bf8 15. Qf2 Qa5
16. Bh3 b4 17. O-O Rh7 18. Nd1 Bc5 19. Kg2 Qb6 20. a3 a5 21. fxg6 fxg6 22. Be6
Rg7 23. axb4 axb4 24. Rxa8 Bxa8 25. Bxc5 Qxc5 26. Ne3 Bb7 27. Rd1 Ba6 28. Qd2
Re7 29. Bb3 Bb5 30. Ngf5 gxf5 31. Nxf5 Kf8 32. g6 Bc4 33. Qh6+ Ke8 34. Bxc4 1-0

[Event "OLOMOUC 2006 - FIDE (CZE)"]
[Site "?"]
[Date "2006.08.04"]
[Round "4.1"]
[White "Houska, Jiri"]
[Black "Zapletal, Jiri"]
[Result "1/2-1/2"]
[WhiteElo "2140"]
[BlackElo "2138"]
[PlyCount "34"]
[EventDate "2006.08.02"]

1. e4 d5 2. exd5 Nf6 3. d4 Nxd5 4. c4 Nf6 5. Nf3 e6 6. Nc3 Be7 7. Be2 O-O 8.
O-O b6 9. Ne5 Bb7 10. Bf3 Qc8 11. Be3 Nfd7 12. Qe2 Nxe5 13. dxe5 Nc6 14. Bxc6
Bxc6 15. Bd4 Qb7 16. f3 Rad8 17. Bf2 Rd7 1/2-1/2

[Event "OLOMOUC 2006 - FIDE (CZE)"]
[Site "?"]
[Date "2006.08.04"]
[Round "4.2"]
[White "Prikryl, Tomas"]
[Black "Bertram, Karsten"]
[Result "1-0"]
[WhiteElo "2072"]
[BlackElo "2107"]
[PlyCount "89"]
[EventDate "2006.08.02"]

1. d3 d5 2. f4 Nf6 3. c3 c6 4. Qc2 Qc7 5. e4 e5 6. fxe5 Qxe5 7. Nf3 Qh5 8. Bf4
Qg4 9. Bxb8 Rxb8 10. e5 Nh5 11. Nbd2 Be7 12. O-O-O O-O 13. g3 c5 14. Be2 Bd7
15. Rde1 Qg6 16. Qd1 Bg4 17. Nh4 Bxh4 18. Bxg4 Nxg3 19. hxg3 Bxg3 20. Re3 Bf4
21. Reh3 h6 22. Re1 Rbe8 23. e6 fxe6 24. Bh5 Qg2 25. Rhh1 Re7 26. Re2 Qg5 27.
Kc2 Bxd2 28. Qxd2 Qxd2+ 29. Kxd2 Rf6 30. Rhe1 g6 31. Bg4 Kf7 32. Bh3 b6 33. Bg2
Rf5 34. Bh3 Rf6 35. Bg2 Rd7 36. d4 c4 37. Bh3 Rd6 38. b4 h5 39. Re5 Rf2+ 40.
Ke3 Rh2 41. Rf1+ Ke7 42. Rf3 Rxa2 43. Kf4 Rd2 44. Bf1 Kf6 45. Ke3+ 1-0

[Event "OLOMOUC 2006 - FIDE (CZE)"]
[Site "?"]
[Date "2006.08.04"]
[Round "4.3"]
[White "Lasinskas, Povilas"]
[Black "Parligras, Cosmin"]
[Result "0-1"]
[WhiteElo "2124"]
[BlackElo "2232"]
[PlyCount "114"]
[EventDate "2006.08.02"]

1. d4 Nf6 2. c4 e6 3. Nc3 Bb4 4. Qc2 O-O 5. Nf3 b6 6. Bg5 Bb7 7. e3 h6 8. Bh4
d5 9. Ne5 Be7 10. O-O-O Nbd7 11. f4 Ne4 12. Bxe7 Qxe7 13. Nxd7 Qxd7 14. Nxe4
dxe4 15. g4 Qe7 16. h4 c5 17. Bg2 cxd4 18. Rxd4 e5 19. fxe5 Qxe5 20. Bxe4 Bxe4
21. Qxe4 Qxe4 22. Rxe4 Rfe8 23. Rxe8+ Rxe8 24. Rd1 Rxe3 25. Rd7 Re4 26. b3 Rxg4
27. Rxa7 Rxh4 28. Rb7 g5 29. Rxb6 g4 30. Kd2 g3 31. Ke3 Rf4 32. Kxf4 g2 33.
Rxh6 g1=Q 34. Ra6 Qd4+ 35. Kf5 Kg7 36. Ra4 f6 37. Ra5 Qf2+ 38. Kg4 Kg6 39. Ra6
Qd4+ 40. Kf3 Kg5 41. Ra5+ f5 42. Rd5 Qe4+ 43. Kf2 Qc2+ 44. Ke3 Qxa2 45. Kd4
Qxb3 46. c5 Qb2+ 47. Kc4 Kg4 48. c6 Qb6 49. Rc5 Qc7 50. Kd5 f4 51. Rb5 f3 52.
Rb7 Qd8+ 53. Rd7 Qg8+ 54. Kc5 f2 55. Rd1 Qf8+ 56. Kb5 Qb8+ 57. Kc5 Kg3 0-1

[Event "OLOMOUC 2006 - FIDE (CZE)"]
[Site "?"]
[Date "2006.08.04"]
[Round "4.4"]
[White "Hagesaether, Torill"]
[Black "Musil, Vitezslav"]
[Result "1-0"]
[WhiteElo "2013"]
[BlackElo "2129"]
[PlyCount "85"]
[EventDate "2006.08.02"]

1. e4 e6 2. d4 d5 3. e5 c5 4. Nf3 Nc6 5. c3 Qb6 6. Bd3 Bd7 7. O-O f6 8. Re1
cxd4 9. cxd4 fxe5 10. Nxe5 Nxe5 11. dxe5 g6 12. Be3 Bc5 13. Bxc5 Qxc5 14. Nd2
Ne7 15. Rc1 Qb6 16. Qg4 O-O 17. Nf3 Rac8 18. Rxc8 Bxc8 19. h4 Qa5 20. Rc1 Qb6
21. h5 Kg7 22. Qh4 Rf7 23. Ng5 Qxb2 24. h6+ Kg8 25. Rxc8+ Nxc8 26. Nxf7 Kxf7
27. Qf6+ Ke8 28. Qh8+ Kd7 29. Qxh7+ Ne7 30. Qg7 Qc1+ 31. Bf1 d4 32. h7 d3 33.
h8=Q d2 34. Qh4 Qxf1+ 35. Kh2 d1=Q 36. Qhxe7+ Kc6 37. Qxb7+ Kc5 38. Qgc7+ Kd4
39. Qd6+ Kc3 40. Qbc6+ Kb2 41. Qb4+ Kxa2 42. Qa5+ Kb2 43. Qcc3+ 1-0

[Event "OLOMOUC 2006 - FIDE (CZE)"]
[Site "?"]
[Date "2006.08.05"]
[Round "5.1"]
[White "Fiala, Jiri"]
[Black "Houska, Jiri"]
[Result "1/2-1/2"]
[WhiteElo "2102"]
[BlackElo "2140"]
[PlyCount "118"]
[EventDate "2006.08.02"]

1. d4 Nf6 2. c4 g6 3. Nc3 d5 4. Bf4 Bg7 5. Nf3 O-O 6. e3 c5 7. Be2 Nc6 8. O-O
cxd4 9. exd4 Bg4 10. cxd5 Nxd5 11. Bg3 e6 12. Ne5 Nxc3 13. bxc3 Bxe2 14. Qxe2
Rc8 15. Nxc6 Rxc6 16. Qb2 b6 17. Rac1 Qd5 18. Bf4 Rfc8 19. Rfe1 Qa5 20. Bd2 Rc4
21. h3 e5 22. Kh1 Qd5 23. Be3 Rd8 24. Qe2 exd4 25. cxd4 b5 26. Rb1 a6 27. Red1
Qe4 28. Qf1 Bxd4 29. Rd3 Rdc8 30. Rbd1 Bxe3 31. fxe3 R4c6 32. Rd8+ Rxd8 33.
Rxd8+ Kg7 34. Rd7 Rf6 35. Qe1 Re6 36. Qf1 Qf5 37. Qa1+ Qe5 38. Qf1 Re7 39. Rxe7
Qxe7 40. Qe2 Qe5 41. Qd2 h5 42. Qa5 Qa1+ 43. Kh2 Qe5+ 44. Kh1 Qe6 45. a4 bxa4
46. Qxa4 Qb6 47. Qa1+ Kh7 48. Qa2 Kg8 49. Qa4 Qb5 50. Qd4 a5 51. Qd8+ Kg7 52.
Qd4+ Kh7 53. Qf6 Qb3 54. g4 Qe6 55. Qf4 Kg7 56. Kg2 h4 57. g5 Qc6+ 58. e4 Qc2+
59. Kf1 Qd3+ 1/2-1/2

[Event "OLOMOUC 2006 - FIDE (CZE)"]
[Site "?"]
[Date "2006.08.05"]
[Round "5.2"]
[White "Musil, Vitezslav"]
[Black "Salmoiraghi, Angelo"]
[Result "1-0"]
[WhiteElo "2129"]
[BlackElo "2015"]
[PlyCount "65"]
[EventDate "2006.08.02"]

1. e4 e6 2. d4 d5 3. Nc3 Nf6 4. Bg5 Be7 5. e5 Nfd7 6. Bxe7 Qxe7 7. f4 a6 8. Nf3
c5 9. dxc5 Nc6 10. a3 Qxc5 11. Qd2 b5 12. b4 Qe7 13. Bd3 Bb7 14. Ne2 Nb6 15.
Ned4 Nxd4 16. Nxd4 Nc4 17. Qf2 Nxa3 18. c3 Nc4 19. O-O g6 20. Nb3 Qc7 21. Nc5
Nb6 22. Qd4 Nd7 23. Nxd7 Kxd7 24. Rac1 Bc6 25. c4 bxc4 26. Rxc4 Qa7 27. Rc5
Rhc8 28. Ra1 Qb7 29. Rca5 Bb5 30. Bxb5+ axb5 31. Ra7 Rc1+ 32. Kf2 Rc2+ 33. Kg3
1-0

[Event "OLOMOUC 2006 - FIDE (CZE)"]
[Site "?"]
[Date "2006.08.05"]
[Round "5.3"]
[White "Parligras, Cosmin"]
[Black "Hagesaether, Torill"]
[Result "1-0"]
[WhiteElo "2232"]
[BlackElo "2013"]
[PlyCount "87"]
[EventDate "2006.08.02"]

1. Nf3 d5 2. e3 Nf6 3. c4 c6 4. Nc3 a6 5. d4 b5 6. cxd5 cxd5 7. Bd3 Bg4 8. Qb3
Bxf3 9. gxf3 e6 10. Bd2 Be7 11. Rc1 O-O 12. Ne2 Nbd7 13. O-O Qb8 14. a4 bxa4
15. Qa2 Qb3 16. Qxb3 axb3 17. Rc6 Rfc8 18. Rxa6 Rxa6 19. Bxa6 Ra8 20. Bd3 Nb6
21. Rc1 Na4 22. Ra1 Nd7 23. Bb5 Ndb6 24. Bc6 Ra6 25. Be1 Nc4 26. Bb5 Ra8 27.
Rxa4 Rxa4 28. Bxa4 Nxb2 29. Bxb3 g6 30. Nc1 Ba3 31. Bd2 Kf8 32. Kf1 Ke7 33. Ke2
Kd7 34. Na2 Kc6 35. Bb4 Bxb4 36. Nxb4+ Kb5 37. Nd3 Nc4 38. Bxc4+ dxc4 39. Nc1
Kb4 40. Kd2 h6 41. Kc2 h5 42. Ne2 g5 43. Ng3 h4 44. Ne4 1-0

[Event "OLOMOUC 2006 - FIDE (CZE)"]
[Site "?"]
[Date "2006.08.05"]
[Round "5.4"]
[White "Bertram, Karsten"]
[Black "Lasinskas, Povilas"]
[Result "1-0"]
[WhiteElo "2107"]
[BlackElo "2124"]
[PlyCount "65"]
[EventDate "2006.08.02"]

1. e4 e6 2. d4 d5 3. exd5 exd5 4. Bd3 Bd6 5. Ne2 Bg4 6. f3 Be6 7. Nbc3 a6 8.
Bf4 Nf6 9. Qd2 O-O 10. O-O-O b5 11. g4 Nc6 12. h4 Na5 13. h5 Nc4 14. Bxc4 Bxf4
15. Nxf4 bxc4 16. g5 Ne8 17. g6 h6 18. Rde1 Nf6 19. Nxe6 fxe6 20. Rxe6 Qd7 21.
Re5 Rab8 22. Rhe1 Qh3 23. Nxd5 Nxh5 24. Qc3 Kh8 25. Qxc4 c6 26. Qxc6 Qxf3 27.
Re8 Nf6 28. Rxb8 Rxb8 29. Qc7 Rg8 30. Nxf6 Qxf6 31. Qf7 Qc6 32. d5 Qd6 33. Re8
1-0

[Event "OLOMOUC 2006 - FIDE (CZE)"]
[Site "?"]
[Date "2006.08.06"]
[Round "6.2"]
[White "Lasinskas, Povilas"]
[Black "Zapletal, Jiri"]
[Result "1-0"]
[WhiteElo "2124"]
[BlackElo "2138"]
[PlyCount "55"]
[EventDate "2006.08.02"]

1. d4 d5 2. Bg5 c5 3. e4 dxe4 4. d5 Qb6 5. Nc3 a6 6. Qd2 h6 7. Bh4 Nd7 8. O-O-O
g5 9. Bg3 Bg7 10. f3 Ngf6 11. Bc4 Nh5 12. Bf2 Qb4 13. Bf1 Bxc3 14. Qxc3 Qxc3
15. bxc3 Nhf6 16. c4 b6 17. Re1 exf3 18. Nxf3 Kf8 19. Bd3 Bb7 20. a4 Re8 21.
Bf5 b5 22. Ne5 Nxe5 23. Rxe5 b4 24. Rd1 Rd8 25. Bxc5 Nxd5 26. Bxe7+ Kg7 27.
Bxd8 Rxd8 28. Be4 1-0

[Event "OLOMOUC 2006 - FIDE (CZE)"]
[Site "?"]
[Date "2006.08.06"]
[Round "6.3"]
[White "Hagesaether, Torill"]
[Black "Bertram, Karsten"]
[Result "0-1"]
[WhiteElo "2013"]
[BlackElo "2107"]
[PlyCount "74"]
[EventDate "2006.08.02"]

1. e4 d5 2. exd5 Qxd5 3. Nc3 Qa5 4. d4 Nf6 5. Nf3 Nc6 6. Bb5 Bg4 7. Bd2 O-O-O
8. Bxc6 bxc6 9. O-O e6 10. h3 Bh5 11. Qe2 Kb7 12. Qe3 Bxf3 13. Qxf3 Rxd4 14.
Be3 Rc4 15. a3 Bd6 16. Ne2 Qd5 17. Qxd5 cxd5 18. c3 Ra4 19. b4 a5 20. Rfc1 Ra8
21. Rcb1 axb4 22. Bc1 c5 23. cxb4 cxb4 24. Nc3 R4a5 25. Na2 Rb5 26. axb4 Be5
27. Bb2 Nd7 28. Nc3 Rxb4 29. Rxa8 Kxa8 30. Ra1+ Kb7 31. Ra2 Nb6 32. Ba3 Rb3 33.
Ne2 Rb1+ 34. Bc1 Nc4 35. g3 Bb2 36. Rxb2+ Nxb2 37. Kg2 Nc4 0-1

[Event "OLOMOUC 2006 - FIDE (CZE)"]
[Site "?"]
[Date "2006.08.06"]
[Round "6.5"]
[White "Fiala, Jiri"]
[Black "Musil, Vitezslav"]
[Result "1/2-1/2"]
[WhiteElo "2102"]
[BlackElo "2129"]
[PlyCount "87"]
[EventDate "2006.08.02"]

1. d4 Nf6 2. c4 g6 3. Nc3 Bg7 4. e4 d6 5. f3 O-O 6. Bg5 c6 7. Qd2 Qc7 8. Nge2
a6 9. a4 a5 10. g4 Na6 11. h4 e5 12. Bxf6 Bxf6 13. d5 Nc5 14. Ra3 Qe7 15. g5
Bh8 16. h5 f5 17. hxg6 hxg6 18. Ng3 Bg7 19. exf5 Bxf5 20. Nge4 Bxe4 21. Nxe4
Nxe4 22. fxe4 Rf4 23. Re3 Qxg5 24. Bh3 Qh4+ 25. Kd1 Qf2 26. Qxf2 Rxf2 27. Re2
Rxe2 28. Kxe2 Bf6 29. Rg1 Kh7 30. Be6 Rf8 31. Rh1+ Kg7 32. b3 Bg5 33. Rf1 Bf4
34. Rh1 c5 35. Rh3 Bh6 36. Rg3 Bf4 37. Rh3 Bc1 38. Rg3 Rh8 39. Rh3 Rh5 40. Rxh5
gxh5 41. Kf3 Kg6 42. Bh3 Kg5 43. Bc8 h4 44. Bh3 1/2-1/2

[Event "OLOMOUC 2006 - FIDE (CZE)"]
[Site "?"]
[Date "2006.08.06"]
[Round "7.1"]
[White "Musil, Vitezslav"]
[Black "Houska, Jiri"]
[Result "1-0"]
[WhiteElo "2129"]
[BlackElo "2140"]
[PlyCount "79"]
[EventDate "2006.08.02"]

1. e4 c5 2. Nf3 d6 3. d4 cxd4 4. Nxd4 Nf6 5. Nc3 g6 6. Be3 Bg7 7. f3 O-O 8. Qd2
Nc6 9. Bc4 Bd7 10. Bb3 Rc8 11. O-O-O Ne5 12. h4 h5 13. Bg5 Rc5 14. g4 hxg4 15.
f4 Nc4 16. Qd3 b5 17. e5 dxe5 18. Bxf6 Bxf6 19. Nde2 exf4 20. Nxf4 Bg7 21. Nfe2
Nxb2 22. Kxb2 Rxc3 23. Nxc3 Qa5 24. Qxg6 Qxc3+ 25. Kc1 Qb2+ 26. Kd2 Qxb3 27.
Qxg7+ Kxg7 28. axb3 Bc6 29. Rhg1 Rd8+ 30. Ke3 Rxd1 31. Rxd1 f5 32. Kf4 Kf6 33.
Ra1 e5+ 34. Ke3 Bd7 35. Ra6+ Be6 36. h5 f4+ 37. Kf2 g3+ 38. Kg1 Kf5 39. h6 f3
40. Rxe6 1-0

[Event "OLOMOUC 2006 - FIDE (CZE)"]
[Site "?"]
[Date "2006.08.06"]
[Round "7.2"]
[White "Parligras, Cosmin"]
[Black "Fiala, Jiri"]
[Result "1/2-1/2"]
[WhiteElo "2232"]
[BlackElo "2102"]
[PlyCount "155"]
[EventDate "2006.08.02"]

1. b3 b6 2. Nf3 Nf6 3. c4 e6 4. g3 Bb7 5. Bg2 Be7 6. Bb2 O-O 7. O-O d6 8. Qc2
Be4 9. d3 Bb7 10. Nc3 Nbd7 11. e4 c5 12. d4 Qc7 13. Rfe1 cxd4 14. Nb5 Qb8 15.
Nbxd4 Re8 16. Rad1 Ne5 17. Nxe5 dxe5 18. Nb5 a6 19. Nc3 Qc7 20. Qc1 h6 21. Ba3
Bxa3 22. Qxa3 Red8 23. f3 Rxd1 24. Rxd1 Rd8 25. Rxd8+ Qxd8 26. Qc1 Qd4+ 27. Kf1
Qd3+ 28. Ke1 Qd8 29. Qd2 Qc7 30. Bf1 Bc8 31. b4 Bb7 32. Be2 Nd7 33. Qd3 Bc6 34.
a3 a5 35. Kd2 axb4 36. axb4 Kh8 37. Kc2 Kg8 38. Kb2 Kh8 39. Bd1 Kg8 40. Bb3 Kf8
41. Ba4 Ke7 42. Bxc6 Qxc6 43. Kb3 f6 44. Nb5 g6 45. Qd2 g5 46. Qg2 Nb8 47. Qd2
f5 48. Qd3 fxe4 49. Qxe4 Qxe4 50. fxe4 Nc6 51. Kc3 g4 52. c5 bxc5 53. bxc5 Kd7
54. Nd6 Nd4 55. Nf7 Nf3 56. Nxh6 Nxh2 57. Nf7 Nf1 58. Nxe5+ Kc7 59. Nxg4 Nxg3
60. Kd4 Kc6 61. Ne5+ Kc7 62. Nc4 Kc6 63. Na5+ Kb5 64. c6 Kb6 65. Ke5 Kc7 66.
Kf4 Ne2+ 67. Kg5 Nc3 68. e5 Nd5 69. Kg6 Kb6 70. Kf7 Kxa5 71. Kxe6 Nc7+ 72. Kd6
Kb6 73. Kd7 Nd5 74. e6 Nf6+ 75. Ke7 Nd5+ 76. Kd7 Nf6+ 77. Kd6 Ne8+ 78. Ke7
1/2-1/2

[Event "OLOMOUC 2006 - FIDE (CZE)"]
[Site "?"]
[Date "2006.08.06"]
[Round "7.3"]
[White "Bertram, Karsten"]
[Black "Salmoiraghi, Angelo"]
[Result "1-0"]
[WhiteElo "2107"]
[BlackElo "2015"]
[PlyCount "93"]
[EventDate "2006.08.02"]

1. e4 e6 2. d4 d5 3. exd5 exd5 4. Bd3 Bd6 5. Ne2 Ne7 6. Nbc3 c6 7. Bf4 Bf5 8.
Bxd6 Qxd6 9. Qd2 Bxd3 10. Qxd3 Nd7 11. O-O-O b5 12. Ng3 a5 13. Rhe1 O-O 14. Re2
Ng6 15. Re3 Rfe8 16. Rde1 Nf6 17. Rxe8+ Rxe8 18. Rxe8+ Nxe8 19. Nce2 Nf6 20. f3
Nh4 21. Qd2 b4 22. Nf4 Ng6 23. Nd3 Nd7 24. Qg5 f6 25. Qg4 Kf8 26. h4 Ne7 27. h5
g6 28. hxg6 hxg6 29. f4 Kf7 30. Qh3 Qe6 31. Qh7+ Kf8 32. Qh8+ Kf7 33. Qh7+ Kf8
34. Kd2 Qg4 35. Qh3 Qxh3 36. gxh3 Kf7 37. c3 bxc3+ 38. Kxc3 Ke6 39. b4 a4 40.
Nc5+ Nxc5 41. dxc5 Nf5 42. Nxf5 Kxf5 43. Kd4 g5 44. fxg5 fxg5 45. b5 cxb5 46.
Kxd5 b4 47. c6 1-0

[Event "OLOMOUC 2006 - FIDE (CZE)"]
[Site "?"]
[Date "2006.08.06"]
[Round "7.4"]
[White "Zapletal, Jiri"]
[Black "Hagesaether, Torill"]
[Result "1-0"]
[WhiteElo "2138"]
[BlackElo "2013"]
[PlyCount "75"]
[EventDate "2006.08.02"]

1. c4 e5 2. Nc3 Nf6 3. Nf3 Nc6 4. d4 exd4 5. Nxd4 Bb4 6. Bg5 h6 7. Bh4 Bxc3+ 8.
bxc3 O-O 9. e3 Ne5 10. Nf3 Ng6 11. Bg3 Ne4 12. Bd3 Nc5 13. Bxg6 fxg6 14. Qd5+
Ne6 15. c5 Qe7 16. Bxc7 Rf5 17. Ne5 Qf6 18. O-O Kh7 19. Bd6 a5 20. f4 a4 21. g4
Rxe5 22. Qxe5 Qh4 23. f5 Qxg4+ 24. Kh1 b6 25. c6 Ba6 26. fxe6 Bxf1 27. Rxf1 Qe2
28. Qf4 Ra5 29. Qf3 Qd2 30. e7 Qxd6 31. e8=Q Rh5 32. Qxh5 gxh5 33. Qxd7 Qe5 34.
Qd3+ Kg8 35. Qc4+ Kh7 36. c7 b5 37. c8=Q bxc4 38. Qf5+ 1-0

[Event "OLOMOUC 2006 - FIDE (CZE)"]
[Site "?"]
[Date "2006.08.06"]
[Round "7.5"]
[White "Prikryl, Tomas"]
[Black "Lasinskas, Povilas"]
[Result "0-1"]
[WhiteElo "2072"]
[BlackElo "2124"]
[PlyCount "50"]
[EventDate "2006.08.02"]

1. d3 e5 2. Nf3 Nc6 3. e4 d6 4. g3 f5 5. Bg2 Nf6 6. Nc3 Be7 7. Bg5 O-O 8. Qd2
fxe4 9. dxe4 Bg4 10. Nh4 Nd4 11. f3 Be6 12. O-O-O h6 13. Be3 c5 14. Ng6 Rf7 15.
h4 Kh7 16. h5 b5 17. g4 b4 18. Nb1 Bxa2 19. g5 Ng8 20. Nxe5 dxe5 21. g6+ Kh8
22. gxf7 Bxf7 23. f4 Bf6 24. Bxd4 cxd4 25. fxe5 Bg5 0-1

[Event "OLOMOUC 2006 - FIDE (CZE)"]
[Site "?"]
[Date "2006.08.07"]
[Round "8.1"]
[White "Houska, Jiri"]
[Black "Lasinskas, Povilas"]
[Result "1/2-1/2"]
[WhiteElo "2140"]
[BlackElo "2124"]
[PlyCount "204"]
[EventDate "2006.08.02"]

1. e4 c5 2. Nf3 Nf6 3. Nc3 d5 4. exd5 Nxd5 5. Bb5+ Bd7 6. Ne5 Nf6 7. Qf3 Qc7 8.
Nxd7 Nbxd7 9. d3 e6 10. Bf4 Bd6 11. Bxd6 Qxd6 12. Qxb7 Rb8 13. Qf3 a6 14. Bxd7+
Nxd7 15. O-O Rxb2 16. Rab1 Rxb1 17. Rxb1 O-O 18. h3 h6 19. Ne4 Qd4 20. Qe3 Qd5
21. c4 Qe5 22. Rb7 Rd8 23. Ra7 f5 24. Nd2 Qd6 25. Qg3 e5 26. Rb7 Qc6 27. Rb3
Qa4 28. Qg6 Qxa2 29. Qe6+ Kh8 30. Qe7 Rg8 31. Qxd7 Qxd2 32. Rb7 Qe1+ 33. Kh2
Qxf2 34. Qd5 Qf4+ 35. Kh1 Qf1+ 36. Kh2 Qf4+ 37. Kh1 Qd4 38. Qe6 Qxd3 39. Qxe5
Qxc4 40. Rb6 Qc1+ 41. Kh2 a5 42. Qxf5 a4 43. Rc6 c4 44. Rc8 Qc3 45. Qe6 Rxc8
46. Qxc8+ Kh7 47. Qf5+ g6 48. Qf7+ Qg7 49. Qxc4 Qa7 50. h4 h5 51. Kh3 a3 52.
Qa2 Qd7+ 53. Kh2 Qd6+ 54. Kh3 Kg7 55. Qa1+ Kf7 56. Qf1+ Ke7 57. Qa1 Qd3+ 58.
Kh2 Ke6 59. Qa2+ Ke5 60. Qa1+ Kd5 61. Qa2+ Kc5 62. Qf2+ Kc6 63. Qa2 Kb5 64. Qe6
Kb4 65. Qb6+ Kc3 66. Qa5+ Kc2 67. Qc5+ Kd1 68. Qg1+ Ke2 69. Qa1 Qd6+ 70. Kh3
Kd2 71. Qa2+ Kc3 72. Qa1+ Kb3 73. Qb1+ Kc4 74. Qa2+ Kb5 75. Qe2+ Kb6 76. Qe3+
Kb7 77. Qb3+ Kc8 78. Qc3+ Kb8 79. Qb3+ Ka7 80. Qa4+ Kb6 81. Qb3+ Ka5 82. Qc4
Qd7+ 83. Kh2 Qd6+ 84. Kh3 Qb4 85. Qc7+ Ka4 86. Qd7+ Kb3 87. Qd1+ Kb2 88. Qe2+
Kc1 89. Qf1+ Kc2 90. Qe2+ Qd2 91. Qe6 Qd3+ 92. Kh2 Kc1 93. Qe1+ Kb2 94. Qe5+
Kb3 95. Qe6+ Qc4 96. Qe3+ Kb2 97. Qd2+ Kb3 98. Qd1+ Kb4 99. Qd2+ Kb5 100. Qe3
Kc6 101. Qf3+ Qd5 102. Qc3+ Qc5 1/2-1/2

[Event "OLOMOUC 2006 - FIDE (CZE)"]
[Site "?"]
[Date "2006.08.07"]
[Round "8.3"]
[White "Salmoiraghi, Angelo"]
[Black "Zapletal, Jiri"]
[Result "1/2-1/2"]
[WhiteElo "2015"]
[BlackElo "2138"]
[PlyCount "33"]
[EventDate "2006.08.02"]

1. d4 d6 2. c4 e5 3. Nc3 exd4 4. Qxd4 Nf6 5. Bg5 Be7 6. g3 Nc6 7. Qd2 O-O 8.
Nh3 Bf5 9. Bg2 h6 10. Bxf6 Bxf6 11. Nd5 Re8 12. Nxf6+ Qxf6 13. Nf4 Qd4 14. Bxc6
Qxd2+ 15. Kxd2 bxc6 16. f3 Rab8 17. e4 1/2-1/2